000 00338nam a2200133Ia 4500
008 240624s9999 xx 000 0 und d
041 _aeng
082 _a174.4 BRE
100 _aBREDESON DEAN A
245 _aAPPLIED BUSINESS ETHICS
260 _c2012
_aUnited Kingdom
_bSouth-Western Cengage
300 _aLearning,2012
365 _c
_b26
999 _c30058
_d30058